NLSUI OPAC header image

Law of Waqf as a purposive device for promoting social justice and human rights: A study of Indian experience (Record no. 35686)

MARC details
000 -LEADER
fixed length control field 00505nam a2200157Ia 4500
008 - FIXED-LENGTH DATA ELEMENTS--GENERAL INFORMATION
fixed length control field 160316s2013 xxu||||| |||| 00| 0 eng d
082 ## - DEWEY DECIMAL CLASSIFICATION NUMBER
Classification number 342.085000
Item number BHA
100 ## - MAIN ENTRY--PERSONAL NAME
Personal name Bhat P. Ishwara
245 ## - TITLE STATEMENT
Title Law of Waqf as a purposive device for promoting social justice and human rights: A study of Indian experience
250 ## - EDITION STATEMENT
Edition statement
260 ## - PUBLICATION, DISTRIBUTION, ETC.
Place of publication, distribution, etc.
Name of publisher, distributor, etc. International Journal of Civil Soceity Law
Date of publication, distribution, etc. 2013
300 ## - PHYSICAL DESCRIPTION
Extent 33
Other physical details
Dimensions
365 ## - TRADE PRICE
Price amount
650 ## - SUBJECT ADDED ENTRY--TOPICAL TERM
Topical term or geographic name entry element 1. Social justice<br/>2. Human Rights<br/>3. Waqf law
700 ## - ADDED ENTRY--PERSONAL NAME
Personal name
--
Holdings
Withdrawn status Lost status Damaged status Not for loan Home library Current library Shelving location Date acquired Total Checkouts Full call number Barcode Date last seen Price effective from Koha item type
        NLS NLS   30/05/2017   342.085 BHA REP11756 30/05/2017 30/05/2017 Repository